Central Library OPAC University of Rajshahi

Nicaragua : (Record no. 43503)

MARC details
000 -LEADER
fixed length control field 00684naa a2200217 a 4500
001 - CONTROL NUMBER
control field 43503
003 - CONTROL NUMBER IDENTIFIER
rucl marc code BD-RjUL
005 - DATE AND TIME OF LATEST TRANSACTION
control field 20211209053716.0
008 - FIXED-LENGTH DATA ELEMENTS--GENERAL INFORMATION
fixed length control field 830106n enkb |||||||||||| ||eng|
035 ## - SYSTEM CONTROL NUMBER
System control number (BD-RjUL)43621
040 ## - CATALOGING SOURCE
Original cataloging agency DLC
Transcribing agency CarP
Modifying agency DLC
-- BD-RjUL
Language of cataloging eng
041 ## - LANGUAGE CODE
Language code of text/sound track or separate title eng
082 ## - DEWEY DECIMAL CLASSIFICATION NUMBER
Edition number 23
Classification number 330.91285
Author mark and year EVN 1954
100 ## - MAIN ENTRY--PERSONAL NAME
Personal name Evans, Hubert
9 (RLIN) 133659
245 00 - TITLE STATEMENT
Title Nicaragua :
Remainder of title economic and commercial conditions in Nicaragua /
Statement of responsibility, etc. Hubert Evans
260 ## - PUBLICATION, DISTRIBUTION, ETC. (IMPRINT)
Place of publication, distribution, etc. London :
Name of publisher, distributor, etc. H. M. Stationery Off. ,
Date of publication, distribution, etc. 1954
300 ## - PHYSICAL DESCRIPTION
Pagination iv, 23 p. :
Illustrations ill. ;
Size 25 cm.
651 #0 - SUBJECT ADDED ENTRY--GEOGRAPHIC NAME
Geographic name Nicaragua
General subdivision Economic conditions
Chronological subdivision 1918-1979.
9 (RLIN) 133651
830 #0 - SERIES ADDED ENTRY--UNIFORM TITLE
Uniform title Overseas economic surveys.
942 ## - ADDED ENTRY ELEMENTS (KOHA)
Source of classification or shelving scheme Dewey Decimal Classification
Koha item type Books
Holdings
Lost status Source of classification or shelving scheme Damaged status Not for loan Collection code Permanent Location Current Location Shelving location Date acquired Source of acquisition Cost, normal purchase price Total Checkouts Full call number Date last seen Copy number Koha item type
  Dewey Decimal Classification     Non-fiction Central Library, University of Rajshahi Central Library, University of Rajshahi   08/08/1957 B. 9 Service 15.00   330.91285 EVN 1954 22/06/2016 C-2 Books